| 000 | 00397nam a2200121Ia 4500 | ||
|---|---|---|---|
| 008 | 231129s9999||||xx |||||||||||||| ||spa|| | ||
| 020 | _a958-20-0239-5 | ||
| 082 | _aCo863.44 A678i | ||
| 100 | _aArevalo Milciades 1948- | ||
| 245 | 0 | _aInventario de invierno: cuentos | |
| 264 | _aSantafe de Bogota : Cooperativa Editorial Magisterio c1995. | ||
| 942 |
_2ddc _cBKS |
||
| 999 |
_c15983 _d15983 |
||